[Event "Enniscrone Sligo op-B"]
[Site "Enniscrone"]
[Date "2025.01.31"]
[Round "1"]
[White "Wieczorek, Jarek1"]
[Black "Marshall, Roy"]
[Result "1/2-1/2"]
[WhiteElo "1801"]
[BlackElo "1684"]
[PlyCount "142"]
[EventDate "2025.01.31"]
[EventType "swiss"]
[EventRounds "5"]
[EventCountry "IRL"]
[SourceTitle "CB06_2025"]
[SourceDate "2025.02.05"]
[SourceVersion "1"]
[SourceVersionDate "2025.02.05"]
[SourceQuality "1"]

1. b3 Nf6 2. Bb2 g6 3. c4 c5 4. g3 Bg7 5. Bg2 0-0 6. e3 e6 7. Nc3 d5 8. cxd5 exd5 9. d4 cxd4 10. exd4 Nc6 11. Nge2 Re8 12. 0-0 Bg4 13. Re1 Ne4 14. Nxe4 dxe4 15. Qd2 Bxe2 16. Rxe2 Bxd4 17. Bxe4 Qf6 18. Bxc6 Rxe2 19. Qxe2 Bxb2 20. Bxb7 Rb8 21. Rb1 Rxb7 22. Qxb2 Qb6 23. Re1 Rb8 24. Re7 a5 25. Qe2 Qc6 26. Re4 Kf8 27. Qc4 Qd6 28. Rf4 Qe7 29. Qd4 Kg8 30. Qc4 Rd8 31. Re4 Qb7 32. Qe2 Qc6 33. Rc4 Qd6 34. Qc2 Qd1+ 35. Qxd1 Rxd1+ 36. Kg2 Rd2 37. Ra4 Rd5 38. a3 Kg7 39. b4 axb4 40. Rxb4 Ra5 41. a4 h6 42. Kf3 g5 43. Ke4 Kg6 44. Kd4 Rf5 45. Ke3 Ra5 46. h3 h5 47. Ke4 f6 48. Kd4 Rf5 49. Ke3 Ra5 50. Ke4 Re5+ 51. Kd3 Ra5 52. Kc3 Rf5 53. Rb2 h4 54. Rd2 hxg3 55. fxg3 Rf3+ 56. Rd3 Rf1 57. Kb4 f5 58. Kb5 f4 59. g4 f3 60. Rd6+ Kf7 61. Rd5 Ke6 62. Rf5 f2 63. Ka6 Kd6 64. a5 Kc6 65. Ka7 Kc7 66. a6 Kc6 67. Ka8 Rd1 68. Rf6+ Rd6 69. Rxf2 Rd8+ 70. Ka7 Rd7+ 71. Kb8 Rd8+ 1/2-1/2